LEADER 02817nam 2200553 a 450 001 9910781501803321 005 20230620185048.0 010 $a9786613222480 010 $a90-272-8312-5 010 $a1-283-22248-5 035 $a(CKB)2550000000042957 035 $a(EBL)739959 035 $a(OCoLC)607094254 035 $a(SSID)ssj0000524354 035 $a(PQKBManifestationID)11359028 035 $a(PQKBTitleCode)TC0000524354 035 $a(PQKBWorkID)10545803 035 $a(PQKB)10131535 035 $a(MiAaPQ)EBC739959 035 $a(Au-PeEL)EBL739959 035 $a(CaPaEBR)ebr10488448 035 $a(EXLCZ)992550000000042957 100 $a19940824h19941994 uy 0 101 0 $aeng 135 $aur|n|---||||| 181 $ctxt$2rdacontent 182 $cc$2rdamedia 183 $acr$2rdacarrier 200 10$aNajdi Arabic $ecentral Arabian /$fBruce Ingham 210 1$aAmsterdam ;$aPhiladelphia :$cJohn Benjamins Pub.,$d1994. 210 4$aŠ1994 215 $a1 online resource (xvi, 215 pages) $cmap 225 1 $aLondon Oriental and African language library ;$vv. 1 311 0 $a90-272-3801-4 320 $aIncludes bibliographical references (p. [207]-211) and index. 327 $aNAJDI ARABIC; Editorial page; Title page; Copyright page; Dedication; Table of contents; Preface; Acknowledgements; List of Abbreviations; Najd and Surrounding Areas; 1. Najd and the Najdi dialects; 2. Phonology; 3. Morphology; 4. Sentence structure; 5. The noun phrase structure; 6. Number and gender; 7. The verb transitivity system; 8.Tense, aspectand aktionsart; 9. Modality in the sentence; 10. Time and condition structures; 11. Texts; Appendix 1. Lexicon of Najdi items; Appendix 2. Local dialect differences; Footnotes; References; Index 330 $aThe region of Najd in Central Arabia has always been regarded as inaccessible, ringed by a belt of sand deserts, the Nafud, Dahana and the Rub' al-Khali and often with its population at odds with the rulers of the outer settled lands. It is however the centre of a purely Arabian culture based on a partnership between bedouin camel husbandry and settled palm cultivation. Possibly as a result of overpopulation the bedouin have periodically spread over into the lands of the Fertile Crescent. Because of their isolated position the Najdi dialect is of a very interesting and archaic type showing ver 410 0$aLondon Oriental and African language library ;$v1. 606 $aArabic language$xDialects$zSaudi Arabia$zNajd$xGrammar 615 0$aArabic language$xDialects$xGrammar. 676 $a492/.77 700 $aIngham$b Bruce$0662142 801 0$bMiAaPQ 801 1$bMiAaPQ 801 2$bMiAaPQ 906 $aBOOK 912 $a9910781501803321 996 $aNajdi Arabic$91244547 997 $aUNINA LEADER 03501nam 22005415 450 001 9910350331403321 005 20200704182948.0 010 $a981-13-6895-3 024 7 $a10.1007/978-981-13-6895-0 035 $a(CKB)4100000008876736 035 $a(DE-He213)978-981-13-6895-0 035 $a(MiAaPQ)EBC5789723 035 $a(EXLCZ)994100000008876736 100 $a20190614d2019 u| 0 101 0 $aeng 135 $aurnn|008mamaa 181 $ctxt$2rdacontent 182 $cc$2rdamedia 183 $acr$2rdacarrier 200 14$aThe Basic Economic System of China /$fby Changhong Pei, Chunxue Yang, Xinming Yang 205 $a1st ed. 2019. 210 1$aSingapore :$cSpringer Singapore :$cImprint: Springer,$d2019. 215 $a1 online resource (XXVIII, 222 p. 39 illus., 27 illus. in color.) 225 1 $aChina Governance System Research Series,$x2662-3048 311 $a981-13-6894-5 327 $aChapter1 Inaccurate Understanding of the Basic Economic System in the Primary Stage of Socialism: Reasons and Countermeasures -- Chapter2 Rethinking Economic Theories -- Chapter3 General Trend in the Structural Adjustment of Ownership and the Current Situation -- Chapter4 Methods to Estimate Ownership Structure: A Literature Review -- Chapter5 Quantitative Evaluation on Publicly- and Non-Publicly-owned Economic Structures: Estimation Based on Economic Censuses -- Chapter6 Quantitative Estimation on Dominance of China?s Public Economy -- Chapter7 Perfecting Laws to Fully Protect Property Rights -- Chapter8 Rationalizing Institutional Mechanisms, Developing Mixed Ownership -- Chapter9 The SOE Reform in China?s New Normal: Problems and Suggestions -- Chapter10 Carrying on the Reform to Promote Development of Non-Publicly-Owned Economy. 330 $aThis book uses facts and data to prove that socialist public sectors are still in predominant position in China. Based on previous research and studies, a set of methods for measuring the structure of public or non-public owned economy is offered in this book. As is remarked by the authors, China?s basic economic system, namely the system with public sector remaining dominant and diverse sectors of the economy developing side by side, is an efficient approach towards mutual benefit, common prosperity and peaceful co-existence. 410 0$aChina Governance System Research Series,$x2662-3048 606 $aAsia?Economic conditions 606 $aMacroeconomics 606 $aFinance, Public 606 $aAsian Economics$3https://scigraph.springernature.com/ontologies/product-market-codes/W45010 606 $aMacroeconomics/Monetary Economics//Financial Economics$3https://scigraph.springernature.com/ontologies/product-market-codes/W32000 606 $aPublic Economics$3https://scigraph.springernature.com/ontologies/product-market-codes/W34000 615 0$aAsia?Economic conditions. 615 0$aMacroeconomics. 615 0$aFinance, Public. 615 14$aAsian Economics. 615 24$aMacroeconomics/Monetary Economics//Financial Economics. 615 24$aPublic Economics. 676 $a330.0095 700 $aPei$b Changhong$4aut$4http://id.loc.gov/vocabulary/relators/aut$0931547 702 $aYang$b Chunxue$4aut$4http://id.loc.gov/vocabulary/relators/aut 702 $aYang$b Xinming$4aut$4http://id.loc.gov/vocabulary/relators/aut 906 $aBOOK 912 $a9910350331403321 996 $aThe Basic Economic System of China$92158486 997 $aUNINA